00341nam a22000977a 4500008004100000082002200041245007700063260006600140300001200206440002500218230627b xxu||||| |||| 00| 0 eng d a338.165bOKE 1996 aAgriculture Sector Management Reform and Policy Analysis The Kenyan Case bInstitute for Development Studies University of Nairobic1996 aVI,188p n63pOccasional Paper